| 000 | 00527nam a2200193Ia 4500 | ||
|---|---|---|---|
| 003 | GCL | ||
| 008 | 140319s9999 xx 000 0 eng d | ||
| 040 |
_aGCL / _cGCL |
||
| 082 | 0 | 4 |
_a725.31 _bE M |
| 100 | 1 | _aEDWARDS, BRIAN | |
| 245 | 1 | 0 |
_aTHE MODERN STATION: NEW APPROACHES TO RAILWAY ARCHITECTURE / _cEDWARDS, BRIAN |
| 260 |
_a[S.N] : _bE & FN SPON ، _c1997 |
||
| 300 | _a186 P | ||
| 650 | 0 | 4 | _aTRANSPORTATION |
| 650 | 0 | 4 | _aRAILROAD ARCHITECTURE |
| 650 | 0 | 4 | _aSTATIONS ARCHITECTURE |
| 650 | 0 | 4 | _aARTS |
| 942 |
_2ddc _cBK |
||
| 999 |
_c15745 _d15745 |
||